000 00719nam a2200205Ii 4500
003 JO-AjNU
008 230605s9999||||xx |||||||||||||| ||und||
040 _aJO-AjNU
_bara
_erda
_cJO-AjNU
041 _aara
050 1 4 _aDS154.16.A65.R8334 1989
100 3 _aالرفوع، فيصل عوده,
_eauthor
_947685
245 0 0 _aالأردن والعمل العربي المشترك
264 3 1 _aعمان: وزارة الشباب،1989
300 _a87ص
336 _atext
_btxt
_2rdacontent
337 _aunmediated
_bn
_2rdamedia
338 _avolume
_bnc
_2rdacarrier
490 0 _aسلسلة التثقيف الشبابي؛ (12)
650 4 _aالاردن-تاريخ -العمل العربي المشترك
_947686
999 _aA20834
_c24402
_d24402